000 00653nam a2200193Ia 4500
003 GCL
008 140319s9999 xx 000 0 ara d
040 _aGCL /
_cGCL
082 0 4 _a210.6
_bع ا
100 1 _aعبدالله الاشعل
245 1 0 _aاصول التنظيم الاسلامى الدولى /
_cعبدالله الاشعل
260 _aالقاهرة :
_bدار النهضة العربية للطباعة والنشر ،
_c1998
300 _a416 ص ؛
_c24 سم
650 0 4 _aالعلاقات الخارجية
650 0 4 _aالتنظيم
650 0 4 _aالهيئات
650 0 4 _aالمنظمات الدولية
942 _2ddc
_cBK
999 _c1610
_d1610